<?xml version="1.0" encoding="UTF-8"?>
<record
    xmlns:xsi="http://www.w3.org/2001/XMLSchema-instance"
    xsi:schemaLocation="http://www.loc.gov/MARC21/slim http://www.loc.gov/standards/marcxml/schema/MARC21slim.xsd"
    xmlns="http://www.loc.gov/MARC21/slim">

  <leader>03791    a2200241   4500</leader>
  <controlfield tag="001">59355</controlfield>
  <controlfield tag="005">20260407155847.0</controlfield>
  <controlfield tag="008">260407a2008    arg                 spa d</controlfield>
  <controlfield tag="003">AR-UNSa-BCEJYS</controlfield>
  <datafield tag="040" ind1=" " ind2=" ">
    <subfield code="a">AR-UNSa-BCEJYS</subfield>
    <subfield code="b">spa</subfield>
    <subfield code="c">AR-UNSa-BCEJYS</subfield>
  </datafield>
  <datafield tag="080" ind1=" " ind2=" ">
    <subfield code="a">342.9</subfield>
    <subfield code="x">Derecho Administrativo</subfield>
  </datafield>
  <datafield tag="245" ind1="1" ind2="0">
    <subfield code="a">Derecho administrativo</subfield>
  </datafield>
  <datafield tag="020" ind1=" " ind2=" ">
    <subfield code="a">978-950-20-1891-1</subfield>
  </datafield>
  <datafield tag="250" ind1=" " ind2=" ">
    <subfield code="a">9a. ed.</subfield>
  </datafield>
  <datafield tag="264" ind1=" " ind2="1">
    <subfield code="a">Buenos Aires :</subfield>
    <subfield code="b">Abeledo Perrot</subfield>
    <subfield code="c">2008</subfield>
  </datafield>
  <datafield tag="300" ind1=" " ind2=" ">
    <subfield code="a">2 v.(613 ; 847 p.)</subfield>
    <subfield code="c">22 cm.</subfield>
  </datafield>
  <datafield tag="505" ind1=" " ind2=" ">
    <subfield code="a">Vol. I: T&#xED;tulo Primero: Introducci&#xF3;n 1. El Estado en el orden constitucional y administrativo(realidad, normatividad y justicia) - 2. Las funciones estatales - 3. El contenido b&#xE1;sico del derecho administrativo - 4. Relaciones del derecho administrativo - 5. Las fuentes del derecho administrativo -- T&#xED;tulo Segundo: La organizaci&#xF3;n del Estado y las empresas p&#xFA;blicas 1. &#xD3;rganos y sujetos estatales - 2. Principios jur&#xED;dicos de la organizaci&#xF3;n administrativa - 3. La administraci&#xF3;n central - 4. Entidades descentralizadas y empresas p&#xFA;blicas - 5. Entidades aut&#xE1;rquicas - 6. Los nuevos entes reguladores - 7. Las empresas del Estado - 8. Otras formas de intervenci&#xF3;n y participaci&#xF3;n estatal - 9. La administraci&#xF3;n de las provincias y municipios. El r&#xE9;gimen de la Ciudad de Buenos Aires . Las regiones -- T&#xED;tulo Tercero: Responsabilidad del Estado y de los agentes p&#xFA;blicos 1. Teoria general de las responsabilidades del Estado - 2. La responsabilidad extracontractual del Estado en el campo del derecho administrativo - 3. Situaciones especiales que determinan la responsabilidad estatal - 4. La responsabilidad de los agentes p&#xFA;blicos - 5. Las grandes l&#xED;neas de la evoluci&#xF3;n de la responsabilidad patrimonial del Estado en la jurisprudencia de la Corte Suprema. -- Vol. II: T&#xED;tulo Cuarto:  La actuaci&#xF3;n estatal regulada por el derecho administrativo 1. Caracterizaci&#xF3;n jur&#xED;dica de la actuaci&#xF3;n de la administraci&#xF3;n p&#xFA;blica y de la actividad de los &#xF3;rganos legislativo y judicial - 2. Las potestades  y situaciones jur&#xED;dicas subjetivas - 3. La teor&#xED;a del acto administrativo - 4. Principales actos que emanan de la administraci&#xF3;n - 5. Las cuestiones pol&#xED;ticas y el proceso de su judicializaci&#xF3;n. -- T&#xED;tulo  Quinto: El r&#xE9;gimen jur&#xED;dico del acto administrativo 1. Los elementos del acto administrativo - 2. El car&#xE1;cter reglado o discrecional del acto administrativo - 3. El sistema general de la invalidez administrativa - 4. Saneamiento o convalidaci&#xF3;n - 5. Caracteres del acto administrativo - 6. Extinci&#xF3;n del acto administrativo.  T&#xED;tulo Sexto: La actividad interventora 1. Las prestaciones de la administraci&#xF3;n o de los particulares, regidas por el derecho administrativo - 2. La actividad interventora y su incidencia sobre los derechos privados - 3. Evoluci&#xF3;n de los principios aplicables a los servicios p&#xFA;blicos a la luz de los marcos regulatorios y las contrataciones p&#xFA;blicas - 4. La emergencia y su incidencia en los contratos que tienen por objeto la prestaci&#xF3;n de servicios p&#xFA;blicos - 5. Las sanciones administrativas - 6. Las potestades ablatorias y su incidencia sobre los derechos reales de los particulares -- T&#xED;tulo Sexto: Procedimientos y recursos administrativos 1. El procedimiento administrativo - 2. Principios fundamentales del procedimiento administrativo - 3. Las partes en el procedimiento administrativo - 4. Los plazos en el procedimiento administrativo - 5. Estructura del procedimiento administrativo - 6. El procedimiento de impugnaci&#xF3;n en particular (recursos, reclamaciones y denuncias).</subfield>
  </datafield>
  <datafield tag="041" ind1=" " ind2=" ">
    <subfield code="a">spa</subfield>
  </datafield>
  <datafield tag="942" ind1=" " ind2=" ">
    <subfield code="c">BK</subfield>
  </datafield>
  <datafield tag="590" ind1=" " ind2=" ">
    <subfield code="a">niveau_biblio:m niveau_hierar:0</subfield>
  </datafield>
  <datafield tag="100" ind1="1" ind2=" ">
    <subfield code="a">Cassagne, Juan Carlos</subfield>
  </datafield>
  <datafield tag="856" ind1="4" ind2="1">
    <subfield code="u">https://www.biblioeco.unsa.edu.ar/pmb/images/libros/L129064.jpg</subfield>
    <subfield code="y">Imagen de portada</subfield>
    <subfield code="q">image/jpeg</subfield>
  </datafield>
  <datafield tag="999" ind1=" " ind2=" ">
    <subfield code="c">6658</subfield>
    <subfield code="d">6658</subfield>
  </datafield>
  <datafield tag="952" ind1=" " ind2=" ">
    <subfield code="0">0</subfield>
    <subfield code="1">0</subfield>
    <subfield code="4">0</subfield>
    <subfield code="7">0</subfield>
    <subfield code="a">BCEJYS</subfield>
    <subfield code="b">BCEJYS</subfield>
    <subfield code="c">16</subfield>
    <subfield code="d">2026-04-07</subfield>
    <subfield code="l">0</subfield>
    <subfield code="o">342.9 C343 v.1 9ed.</subfield>
    <subfield code="p">L129064</subfield>
    <subfield code="r">2026-04-07 15:58:47</subfield>
    <subfield code="w">2026-04-07</subfield>
    <subfield code="y">L</subfield>
  </datafield>
  <datafield tag="952" ind1=" " ind2=" ">
    <subfield code="0">0</subfield>
    <subfield code="1">0</subfield>
    <subfield code="4">0</subfield>
    <subfield code="7">0</subfield>
    <subfield code="a">BCEJYS</subfield>
    <subfield code="b">BCEJYS</subfield>
    <subfield code="c">16</subfield>
    <subfield code="d">2026-04-07</subfield>
    <subfield code="l">0</subfield>
    <subfield code="o">342.9 C343 v.2 9ed.</subfield>
    <subfield code="p">L129065</subfield>
    <subfield code="r">2026-04-07 15:58:47</subfield>
    <subfield code="w">2026-04-07</subfield>
    <subfield code="y">L</subfield>
  </datafield>
</record>
